[Event "Belgrade Serbia op"]
[Site "Belgrade"]
[Date "2023.07.20"]
[Round "5"]
[White "Gvozdenovic, Milos"]
[Black "Krstic, Milos M"]
[Result "0-1"]
[WhiteElo "1966"]
[BlackElo "2183"]
[PlyCount "64"]
[EventDate "2023.07.16"]
[EventType "swiss"]
[EventRounds "9"]
[EventCountry "SRB"]
[SourceTitle "CBM 215 Extra"]
[Source "ChessBase"]
[SourceDate "2023.09.30"]
[SourceVersion "1"]
[SourceVersionDate "2023.09.30"]
[SourceQuality "1"]

1. Nf3 Nf6 2. c4 e6 3. b3 d5 4. Bb2 Be7 5. g3 0-0 6. Bg2 Nbd7 7. 0-0 b6 8. Nc3 Bb7 9. e3 c5 10. Qe2 a6 11. d3 Qc7 12. Nh4 d4 13. Nd1 Bxg2 14. Nxg2 e5 15. e4 Ne8 16. f4 exf4 17. gxf4 g6 18. Bc1 Ng7 19. Nf2 h5 20. Ne1 Rfe8 21. Nf3 Bd6 22. Nh3 Nf6 23. Qg2 Ng4 24. Nf2 Ne3 25. Bxe3 dxe3 26. Nh3 Bxf4 27. Nxf4 Qxf4 28. Ng5 Qe5 29. Nxf7 Qd4 30. Qxg6 e2+ 31. Rf2 Qxa1+ 32. Kg2 Rf8 0-1

[Event "Belgrade-chT Quality"]
[Site "Belgrade"]
[Date "2022.10.10"]
[Round "9.6"]
[White "Bjelanovic, Mile"]
[Black "Gvozdenovic, Milos"]
[Result "1/2-1/2"]
[WhiteElo "1996"]
[BlackElo "1936"]
[PlyCount "48"]
[EventDate "2022.10.01"]
[EventType "team-tourn"]
[EventRounds "11"]
[EventCountry "SRB"]
[SourceTitle "EXT 2024"]
[Source "ChessBase"]
[SourceDate "2023.10.10"]
[SourceVersion "1"]
[SourceVersionDate "2023.10.10"]
[SourceQuality "1"]
[WhiteTeam "Belgrade Napredak"]
[BlackTeam "Belgrade Partizan"]
[WhiteTeamCountry "SRB"]
[BlackTeamCountry "SRB"]

1. e4 e5 2. Bc4 Nc6 3. Nf3 Nf6 4. d3 Bc5 5. 0-0 d6 6. c3 a6 7. Bb3 h6 8. h3 Bd7 9. Nbd2 Qe7 10. Bc2 g5 11. b4 Ba7 12. Nc4 g4 13. hxg4 Bxg4 14. Be3 0-0-0 15. Bxa7 Nxa7 16. Ne3 Rdg8 17. Nxg4 Rxg4 18. Nh2 Rg6 19. a4 Rhg8 20. g3 h5 21. Qf3 h4 22. Kh1 Ng4 23. Nxg4 Rxg4 24. Bd1 Qe6 1/2-1/2

[Event "Belgrade Premier League"]
[Site "Belgrade"]
[Date "2021.10.11"]
[Round "10.4"]
[White "Gvozdenovic, Milos"]
[Black "Radojevic, Sasa Z"]
[Result "1/2-1/2"]
[WhiteElo "1918"]
[BlackElo "2031"]
[PlyCount "129"]
[EventDate "2021.10.01"]
[EventType "team-tourn"]
[EventRounds "11"]
[EventCountry "SRB"]
[SourceTitle "CBM 204 Extra"]
[Source "ChessBase"]
[SourceDate "2021.11.30"]
[SourceVersion "1"]
[SourceVersionDate "2021.11.30"]
[SourceQuality "1"]
[WhiteTeam "Belgrade Partizan"]
[BlackTeam "Belgrade Radnicki"]
[WhiteTeamCountry "SRB"]
[BlackTeamCountry "SRB"]

1. c4 Nf6 2. g3 g6 3. b3 Bg7 4. Bb2 0-0 5. Bg2 d6 6. Nf3 c5 7. 0-0 Nc6 8. Nc3 a6 9. d4 cxd4 10. Nxd4 Bd7 11. e4 Nxd4 12. Qxd4 Bc6 13. Nd5 Bxd5 14. cxd5 Rc8 15. Rfc1 Qa5 16. Qd1 h5 17. Rc2 Ng4 18. Bxg7 Kxg7 19. Rac1 Rc5 20. Rxc5 dxc5 21. h3 Ne5 22. f4 Nd7 23. Qc2 f6 24. h4 Rc8 25. Bh3 Rc7 26. e5 Nf8 27. d6 exd6 28. exf6+ Kxf6 29. Qb2+ Kf7 30. f5 c4 31. fxg6+ Nxg6 32. Rf1+ Kg8 33. Qf6 Rg7 34. Bf5 Qe5 35. Qd8+ Nf8 36. Be6+ Kh7 37. Bf5+ Kh6 38. g4 Ng6 39. g5+ Kh7 40. Bxg6+ Rxg6 41. Rf7+ Rg7 42. Rf8 Re7 43. Rh8+ Kg6 44. Rh6+ Kf5 45. Qc8+ Kf4 46. Qxc4+ Kg3 47. Rf6 Qe1+ 48. Rf1 Qe3+ 49. Kh1 Re4 50. Rg1+ Kxh4 51. Qf1 Rg4 52. g6 Qe4+ 53. Kh2 Qc2+ 54. Rg2 Qxg6 55. Qf2+ Kg5 56. Qd2+ Kf5 57. Qd5+ Kf6 58. Qxd6+ Kg7 59. Qe5+ Kh7 60. Rxg4 hxg4 61. Kg3 b5 62. Qe7+ Kh6 63. Qh4+ Kg7 64. Qxg4 Qxg4+ 65. Kxg4 1/2-1/2

[Event "Belgrade-chT"]
[Site "Belgrade"]
[Date "2020.10.11"]
[Round "7.5"]
[White "Gvozdenovic, Milos"]
[Black "Radojicic, Aleksandar M"]
[Result "0-1"]
[WhiteElo "1980"]
[BlackElo "2010"]
[PlyCount "70"]
[EventDate "2020.10.04"]
[EventType "team-tourn"]
[EventRounds "9"]
[EventCountry "SRB"]
[SourceTitle "EXT 2022"]
[Source "ChessBase"]
[SourceDate "2021.10.06"]
[SourceVersion "1"]
[SourceVersionDate "2021.10.06"]
[SourceQuality "1"]
[WhiteTeam "Belgrade PTT"]
[BlackTeam "Grocka Pobednik"]
[WhiteTeamCountry "SRB"]
[BlackTeamCountry "SRB"]

1. d4 Nf6 2. Bf4 c5 3. e3 d5 4. c3 Nc6 5. Nd2 Bf5 6. Qb3 Qb6 7. dxc5 Qxb3 8. Nxb3 e5 9. Bg3 Ne4 10. 0-0-0 0-0-0 11. Bd3 Be7 12. Ne2 Be6 13. Bxe4 dxe4 14. Kc2 Bxb3+ 15. axb3 a5 16. Rxd8+ Rxd8 17. Ra1 Bxc5 18. Bh4 f6 19. g4 g5 20. Bg3 h5 21. h3 h4 22. Bh2 f5 23. b4 axb4 24. Ra8+ Kd7 25. Rxd8+ Kxd8 26. gxf5 Ke7 27. Kb3 b5 28. cxb4 Bxb4 29. Bxe5 Be1 30. Bd4 Bxf2 31. Nc3 Nxd4+ 32. exd4 g4 33. hxg4 e3 34. Ne4 e2 35. f6+ Kf8 0-1

[Event "Belgrade-chT Quality"]
[Site "Belgrade"]
[Date "2019.10.26"]
[Round "7.2"]
[White "Gvozdenovic, Milos"]
[Black "Popadic, Dragan B"]
[Result "0-1"]
[WhiteElo "1742"]
[BlackElo "2113"]
[PlyCount "54"]
[EventDate "2019.10.05"]
[EventType "team-tourn"]
[EventRounds "11"]
[EventCountry "SRB"]
[SourceTitle "EXT 2022"]
[Source "ChessBase"]
[SourceDate "2021.10.06"]
[SourceVersion "1"]
[SourceVersionDate "2021.10.06"]
[SourceQuality "1"]
[WhiteTeam "Delfin"]
[BlackTeam "NBSK"]
[WhiteTeamCountry "SRB"]
[BlackTeamCountry "SRB"]

1. d4 Nf6 2. c4 g6 3. Nc3 Bg7 4. e4 d6 5. Be2 0-0 6. Bg5 h6 7. Be3 e5 8. d5 Kh7 9. g4 Ne8 10. h4 f5 11. h5 f4 12. hxg6+ Kg8 13. Bd2 Qf6 14. Nf3 Bxg4 15. Nh4 Bd7 16. Bg4 Qg5 17. Bxd7 Nxd7 18. Qf3 Ndf6 19. Ke2 Qg4 20. Rag1 Qxf3+ 21. Kxf3 Kh8 22. Nf5 Ng8 23. Rg2 Rf6 24. Ne2 Rd8 25. Ng1 Rd7 26. Rh5 Ne7 27. Nxh6 Rxg6 0-1

[Event "Belgrade-chT"]
[Site "Belgrade"]
[Date "2019.10.01"]
[Round "8.6"]
[White "Gvozdenovic, Milos"]
[Black "Jakovljevic, Zoran D"]
[Result "1-0"]
[WhiteElo "1742"]
[BlackElo "2077"]
[PlyCount "105"]
[EventDate "2019.09.23"]
[EventType "team-tourn"]
[EventRounds "11"]
[EventCountry "SRB"]
[SourceTitle "EXT 2020"]
[Source "ChessBase"]
[SourceDate "2019.10.17"]
[SourceVersion "1"]
[SourceVersionDate "2019.10.17"]
[SourceQuality "1"]
[WhiteTeam "Belgrade PTT"]
[BlackTeam "Mirijevo"]
[WhiteTeamCountry "SRB"]
[BlackTeamCountry "SRB"]

1. d4 g6 2. Nf3 Bg7 3. Bf4 Nf6 4. c3 d6 5. Nbd2 0-0 6. e4 h6 7. h3 Nc6 8. Be2 Nd7 9. 0-0 e5 10. dxe5 dxe5 11. Bh2 Kh7 12. Nc4 f5 13. Qc2 f4 14. Rfd1 b5 15. Ncd2 a6 16. a4 b4 17. Rac1 Ra7 18. a5 Qe7 19. Qa4 Rf6 20. Nb3 g5 21. Bc4 bxc3 22. Bd5 Nd4 23. Rxc3 Ne2+ 24. Kh1 Nxc3 25. bxc3 c6 26. Bc4 Rd6 27. Rb1 Nf6 28. Nfd2 Rad7 29. Rb2 g4 30. hxg4 Nxg4 31. Nf3 Rd1+ 32. Bg1 Qe8 33. g3 R7d3 34. Bxd3 Qh5+ 35. Kg2 Ne3+ 36. fxe3 Qh3+ 37. Kf2 Qxg3+ 38. Ke2 Rxg1 39. Nxg1 Qg2+ 40. Kd1 Qxb2 41. exf4 Qf2 42. Ne2 Bg4 43. f5 Qe3 44. Nbc1 Qc5 45. Qb4 Qg1+ 46. Kc2 Qf2 47. Qb6 Qf3 48. Qxc6 Bxf5 49. Qxa6 Bg6 50. Qb7 h5 51. a6 h4 52. Ng1 Qe3 53. Nce2 1-0

[Event "Belgrade-chT"]
[Site "Belgrade"]
[Date "2019.09.28"]
[Round "6.5"]
[White "Gvozdenovic, Milos"]
[Black "Simic, Ljubomir"]
[Result "1/2-1/2"]
[WhiteElo "1742"]
[BlackElo "1630"]
[PlyCount "21"]
[EventDate "2019.09.23"]
[EventType "team-tourn"]
[EventRounds "11"]
[EventCountry "SRB"]
[SourceTitle "EXT 2020"]
[Source "ChessBase"]
[SourceDate "2019.10.17"]
[SourceVersion "1"]
[SourceVersionDate "2019.10.17"]
[SourceQuality "1"]
[WhiteTeam "Belgrade PTT"]
[BlackTeam "MZ Cirilo i Metodije"]
[WhiteTeamCountry "SRB"]
[BlackTeamCountry "SRB"]

1. d4 d5 2. Nf3 c6 3. Bf4 Qb6 4. Qc1 Nf6 5. c3 g6 6. e3 Bg7 7. Nbd2 0-0 8. Be2 e6 9. 0-0 Nbd7 10. Ne5 Re8 11. h3 1/2-1/2

[Event "Belgrade Trophy 32nd"]
[Site "Belgrade"]
[Date "2018.12.01"]
[Round "8"]
[White "Gvozdenovic, Milos"]
[Black "Janjic, Stefan"]
[Result "1/2-1/2"]
[WhiteElo "1659"]
[BlackElo "2101"]
[PlyCount "75"]
[EventDate "2018.11.24"]
[EventType "swiss"]
[EventRounds "9"]
[EventCountry "SRB"]
[SourceTitle "CBM 187 Extra"]
[Source "ChessBase"]
[SourceDate "2018.11.04"]
[SourceVersion "1"]
[SourceVersionDate "2018.11.04"]
[SourceQuality "1"]

1. d4 d5 2. Bf4 Nf6 3. e3 c5 4. c3 Nc6 5. Nd2 Bf5 6. Qb3 Qc8 7. Ngf3 c4 8. Qd1 Nh5 9. Bg3 h6 10. Bh4 g5 11. Bg3 Nxg3 12. hxg3 Bg7 13. Be2 Rb8 14. Nh2 e5 15. Bg4 b5 16. Bxf5 Qxf5 17. Qf3 Qe6 18. Qg4 Qg6 19. Qe2 Qc2 20. Ndf3 Qe4 21. 0-0 exd4 22. cxd4 Nxd4 23. Nxd4 Bxd4 24. Rfd1 Bg7 25. Qd2 0-0 26. Nf3 b4 27. Nd4 Rb6 28. a3 bxa3 29. Rxa3 Rfb8 30. Ra2 Bxd4 31. exd4 Rb3 32. f3 Qg6 33. Qf2 Qb6 34. Rd2 Qb4 35. Qe2 a5 36. Kh2 Kf8 37. Qe5 Kg8 38. Re2 1/2-1/2